000 00405 a2200133 4500
245 _anovel now
_b : a student's guide to contemporary fiction
_hprint
020 _a0571047572
250 _aNew ed.
005 20191021100027.0
260 _aenk
_bFaber and Faber Ltd
_c1971
084 _aPN3503 .B78 1971
300 _a3-229 p. 21 cm.
_b3-229 p. 21 cm.
_c3-229 p. 21 cm.
500 _a[by] Anthony Burgess.
999 _c12977
_d12977